Microprocessor / (Record no. 37697)

MARC details
000 -LEADER
fixed length control field 00724nam a22001937a 4500
005 - DATE AND TIME OF LATEST TRANSACTION
control field 20100726125344.0
010 ## - LCCN (DPL NO)
LC control number ENG-96849
020 ## - INTERNATIONAL STANDARD BOOK NUMBER
International Standard Book Number 9788190808446
Terms of availability 100.00
035 ## - SYSTEM CONTROL NUMBER
System control number EN-80382
037 ## - SOURCE OF ACQUISITION
Source of stock number/acquisition DBAD/PUB
082 ## - DEWEY DECIMAL CLASSIFICATION NUMBER
Classification number 004.16
100 ## - MAIN ENTRY--PERSONAL NAME
Personal name Ferdinand, A. Christy
245 ## - TITLE STATEMENT
Title Microprocessor /
Statement of responsibility, etc by A. Christy Ferdinand
260 ## - PUBLICATION, DISTRIBUTION, ETC. (IMPRINT)
Place of publication, distribution, etc Tamil Nadu
Name of publisher, distributor, etc Varun Publications
Date of publication, distribution, etc 2008
270 ## - ADDRESS
Address No- 107, Muncipal Housing Board, Arcot-632503, vellore District, Tamil Nadu
City Tamil Nadu
300 ## - PHYSICAL DESCRIPTION
Extent 159p.:
Other physical details ill.
Dimensions 20cm (pbk)
942 ## - ADDED ENTRY ELEMENTS (KOHA)
Source of classification or shelving scheme Dewey Decimal Classification
Item type English Books
Classification part 004.16
Call number suffix FER
Holdings
Withdrawn status Lost status Not for loan Collection code Home library Current library Date acquired Source of acquisition Cost, normal purchase price Full call number Barcode Copy number Cost, replacement price Koha item type
    Not For Loan Non-fiction D.B.Act.Division D.B.Act.Division 26/07/2010 DBAD/PUB 100.00 004.16 FER EN-80382 1 100.00 English Books

© Delhi Public Library
Hit Counter
free hit counter